Bilecik Bilecik Bilecik Bilecik Bilecik

Büyük Taarruzun 90. yılında Uluslararası Milli Mücadele ve Zafer Yolu Sempozyumu, 02-04 Ekim 2012 Uşak = (Record no. 59456)

MARC details
000 -BAŞLIK
Sabit Uzunluktaki Kontrol Alanı 01469nam a22003137a 4500
001 - KONTROL NUMARASI
Control Dosyası 0059652
003 - KONTROL NUMARASI KİMLİĞİ
Kontrol Alanı KOHA_MİRAKIL
005 - EN SON İŞLEM TARİHİ ve ZAMANI
Kontrol Alanı 20260207004235.0
007 - FİZİKSEL TANIM SABİT ALAN - GENEL BİLGİ
Sabit uzunluklu kontrol alanı ta
008 - SABİT UZUNLUKTAKİ VERİ ÖGELERİ - GENEL BİLGİ
Sabit Alan 161226b2014 tu a|||gr||||#0|||0|tur |
020 ## - ISBN - ULUSLARARASI STANDART KİTAP NUMARASI
Isbn 9789751628541(tk.) 9789751628558(c.1) 9789751628565(c.2)
040 ## - KATALOGLAMA KAYNAĞI
Özgün Kataloglama Kurumu TR-BiSEU
Kataloglama Dili tur
Çeviri Kurumu TR-BiSEU
Açıklama Kuralları rda
041 0# - DİL KODU
Metin ya da ses kaydının dil kodu tur
044 ## - YAYINLAYAN/ÜRETEN KURULUŞUN ÜLKE KODU
ISO country code tu
050 ## - SINIFLAMA ve YER NUMARASI
Sınıflama Numarası DR589
Yer Numarası .B89 2014
111 2# - TOPLANTI ADI
Toplantı Adı Büyük Taarruzun 90. yılında Uluslararası Milli Mücadele ve Zafer Yolu Sempozyumu( 2012 : Uşak )
9 (RLIN) 110333
240 10 - TEK BİÇİM BAŞLIK
Tekbiçim Başlık <a href="The international symposium on the national struggle and the path to the victory on the 90th anniversary of the great assault, 2-4 October, 2012 Uşak">The international symposium on the national struggle and the path to the victory on the 90th anniversary of the great assault, 2-4 October, 2012 Uşak</a>
Language of a work Türkçe
245 1# - ESER ADI BİLDİRİMİ
Başlık Büyük Taarruzun 90. yılında Uluslararası Milli Mücadele ve Zafer Yolu Sempozyumu, 02-04 Ekim 2012 Uşak =
Alt Eseradı vb. The international symposium on the national struggle and the path to the victory on the 90th anniversary of the great assault, 2-4 October, 2012 Uşak/
Sorumluluk Bildirimi Yayına hazırlayan Arzu Güvenç, Murat Saygın.
264 #1 - ÜRERİM, YAYIN, DAĞITIM ve TELİF BİLDİRİMİ
Yayın yeri Ankara :
Yayınlayan Atatürk Araştırma Merkezi
Yayın tarihi 2014
300 ## - FİZİKSEL TANIMLAMA
Sayfa, Cilt vb. 2 c. :
Diğer fiziki detaylar resimli ;
Boyutları 24 cm.
336 ## - İÇERİK TÜRÜ
Content type term metin
Content type code txt
Source rdacontent
337 ## - MEDYA TÜRÜ
Media type term aracısız
Media type code n
Source rdamedia
338 ## - TAŞIYICI TÜRÜ
Carrier type term cilt
Carrier type code nc
Source rdacarrier
500 ## - GENEL NOT
Genel Not Kaynakça var.
650 #0 - KONU BAŞLIĞI EK GİRİŞ - KONU TERİMİ
Konusal terim veya coğrafi ad Turkey--History--Revolution, 1918-1923--Congresses.
9 (RLIN) 17055
650 #0 - KONU BAŞLIĞI EK GİRİŞ - KONU TERİMİ
Konusal terim veya coğrafi ad Türkiye--Tarih-- Devrim, 1918-1923--Kongreler.
9 (RLIN) 110334
907 ## - LOCAL DATA ELEMENT G, LDG (RLIN)
a Tarih
942 ## - EK GİRİŞ ÖGELERİ (KOHA)
Source of classification or shelving scheme Library of Congress Classification
Koha item type Book
Holdings
Materyal Türü Kalıcı Konum Mevcut Konum Raf Yeri Sınıflandırma Kaynağı Edinim Bilgisi Ana Konular Alt Konular Yer Numarası Cilt Bilgisi Demirbaş Numarası Fatura Tarihi Geri Çekilme Durumu Kayıp Durumu Hasarlı Durumu Kredi için değil Kayıt Tarih Toplam Ödünçverme Son Görülme Tarihi Son Kontrol Tarihi Genel / Bağış Notu
Book Prof. Dr. Azmi Özcan Kütüphanesi Prof. Dr. Azmi Özcan Kütüphanesi Uluğbey Salonu Library of Congress Classification Bağış DÜNYA TARİHİ (AVRUPA, ASYA, AFRİKA VB.) Balkan Yarımadası DR589 .B89 2014 c.1 0059652 02/02/2026         30/11/2016   05/12/2024 05/12/2024 Halk Kütüphanesi
Book Prof. Dr. Azmi Özcan Kütüphanesi Prof. Dr. Azmi Özcan Kütüphanesi Uluğbey Salonu Library of Congress Classification Bağış DÜNYA TARİHİ (AVRUPA, ASYA, AFRİKA VB.) Balkan Yarımadası DR589 .B89 2014 c.2 0059812 02/02/2026         26/12/2016 1 05/12/2024 05/12/2024 Genel Bağış